| 000 | 02421cam a22005294i 4500 | ||
|---|---|---|---|
| 003 | PE-LiUPU | ||
| 005 | 20250731184528.0 | ||
| 008 | 150623s r 000 0 d | ||
| 020 | _a1575060124 | ||
| 035 | _a(Sirsi) i9781575060125 | ||
| 040 |
_aPE-LiUPU _bspa _cPE-LiUPU _erda |
||
| 049 | _aPRUA | ||
| 082 | 0 | 4 |
_a939.4 _bR76 _221 |
| 245 | 0 | 0 |
_aRetrieving the past : _bessays on archaeological research and methodology in honor of Gus W. Van Beek / _ceditado por Joe D. Seger. |
| 264 | 1 |
_aMississippi : _bCobb Institute of Archaeology, _c1996. |
|
| 300 |
_a312 páginas : _bilustraciones, cuadros, fotos, láms. ; _c29 centímetros |
||
| 336 |
_atext _2rdacontent |
||
| 337 |
_aunmediated _2rdamedia |
||
| 338 |
_avolume _2rdacarrier |
||
| 504 | _aIncluye bibliografía. | ||
| 505 | 0 | _aProfessional profile: a biography of Gus W. Van Beek. -Contributed Essays: From clay to stone? cooking bowls of South Arabia. -A penetrating look: an experiment in remote sensing at tell halif. -The tell: microcosm of the cultural process. -The Nabatean Synthesis of Avraham Negev: a critical appraisal. -Early bronze III canaanean blade/scraper cores from tell halif, Israel. -Formulating a ceramic corpus: the late iron II, Persian, and Hellenistic pottery at Tell Gezer. -The hajar ar-Rayhani Fauna: a first look at Yemen's iron age pastoral economy. -A cosmetic palette from early bronze III at Tell Halif. | |
| 526 | _aP136 | ||
| 526 | _aP135 | ||
| 526 | _aP134 | ||
| 526 | _aP133 | ||
| 526 | _aP144 | ||
| 526 | _aP143 | ||
| 526 | _aP87 | ||
| 526 | _aP35 | ||
| 526 | _aP20 | ||
| 526 | _aP14 | ||
| 526 | _aP10 | ||
| 526 | _aP06 | ||
| 650 | 0 | 4 |
_aArqueología _xMetodología. _95518 |
| 650 | 0 | 4 |
_aExcavaciones (Arqueología) _zCercano Oriente Medio. |
| 650 | 0 | 4 |
_aExcavaciones (Arqueología) _zPalestina. _94461 |
| 651 |
_aCercano Oriente _xAntigüedades _93740 |
||
| 651 |
_aPalestina _xAntigüedades. _93129 |
||
| 700 | 1 |
_aSeger, Joe D., _eed. |
|
| 700 | 1 | _aVan Beek, Gus W.1922-. | |
| 942 |
_2ddc _cBOOK |
||
| 949 |
_a939.4 R76 _wDEWEY _c1 _i44612 _lCCODEBUL1 _mBUL _r0 _sY _tBOOK _u2015-6-24 _xTEOLOGIA _PP35 _0COMPRA _o.STAFF. Colección General |
||
| 994 |
_aC0 _bPEPRU |
||
| 596 | _a1 | ||
| 999 |
_a939.4 R76 _wDEWEY _c21468 _i44612 _f2021-11-8 _g5 _lCCODEBUL1 _mBUL _r0 _sY _tBOOK _u2015-6-24 _xBIBLIOTECA _PP35 _0COMPRA _o.STAFF. Colección General _d21468 |
||
| 980 |
_81 _gALBERTO SANCHEZ Responsable de Automatización |
||